Welcome to CU Library Online Public Access Catalogue (OPAC)

The ABC of social and political knowledge / (Record no. 2492)

MARC details
000 -LEADER
fixed length control field 00705cam a2200217 a 4500
001 - CONTROL NUMBER
control field 521591
005 - DATE AND TIME OF LATEST TRANSACTION
control field 20250109115355.0
008 - FIXED-LENGTH DATA ELEMENTS--GENERAL INFORMATION
fixed length control field 860319s1986 ru b 000 0 eng
020 ## - INTERNATIONAL STANDARD BOOK NUMBER
Terms of availability 1.45rub (pbk.)
041 1# - LANGUAGE CODE
Language code of text/sound track or separate title engrus
050 00 - LIBRARY OF CONGRESS CALL NUMBER
Classification number HX73
Item number .S225 1986
082 00 - DEWEY DECIMAL CLASSIFICATION NUMBER
Classification number 335.43
Edition information 19
100 1# - MAIN ENTRY--PERSONAL NAME
Personal name Sabirov, Kh. F.
Fuller form of name (Kharis Fatykhovich)
245 14 - TITLE STATEMENT
Title The ABC of social and political knowledge /
Statement of responsibility, etc. Kharis Sabirov ; [translated from the Russian].
260 ## - PUBLICATION, DISTRIBUTION, ETC.
Place of publication, distribution, etc. Moscow :
Name of publisher, distributor, etc. Progress Publishers,
Date of publication, distribution, etc. c1986.
300 ## - PHYSICAL DESCRIPTION
Extent 235 p. ;
Dimensions 21 cm.
440 #0 - SERIES STATEMENT/ADDED ENTRY--TITLE
Title Guides to the social sciences
500 ## - GENERAL NOTE
General note Title on verso t.p.: Osnovy sot︠s︡ialʹno-politicheskikh znaniĭ.
650 #0 - SUBJECT ADDED ENTRY--TOPICAL TERM
Topical term or geographic name entry element Communism.
942 ## - ADDED ENTRY ELEMENTS (KOHA)
Source of classification or shelving scheme Library of Congress Classification
Koha item type Books
Suppress in OPAC No
999 ## -
-- 2492
-- 2492
Holdings
Withdrawn status Lost status Source of classification or shelving scheme Damaged status Not for loan Collection Home library Current library Shelving location Date acquired Total checkouts Full call number Barcode Date last seen Copy number Price effective from Koha item type
    Library of Congress Classification     Non-fiction Undergraduate Library (Christ Temple) Undergraduate Library (Christ Temple) General stacks 01/09/2025   HX73 SAB SAB 01/09/2025 1 01/09/2025 Books
© 2023-2024 Copyright: Central University Libraries. All Rights Reserved | Created by: Mahone Tech Office